[Event "IECC O-3166"]
[Site "IECC email"]
[Date "2010.06.15"]
[Round "?"]
[White "Pohlabeln, Lutz"]
[Black "Stringer Lester, Della Diane"]
[Result "1-0"]
[WhiteElo "1030"]
[BlackElo "1049"]
[PlyCount "95"]
[EventDate "2010.??.??"]
[EventType "swiss (corr)"]
[EventRounds "2"]
[SourceTitle "Telechess CBM 145"]
[Source "Chessbase"]
[SourceDate "2011.11.11"]
[SourceVersion "1"]
[SourceVersionDate "2011.11.11"]
[SourceQuality "1"]
[WhiteTeam "Germany"]
[BlackTeam "US of America"]
[WhiteTeamCountry "GER"]
[BlackTeamCountry "USA"]

1. e4 g6 2. d4 Bg7 3. Nc3 d6 4. f4 Nf6 5. Nf3 0-0 6. Bd3 Na6 7. 0-0 c5 8. d5 Rb8 9. a4 Nb4 10. Bc4 b6 11. Nb5 a6 12. Na7 Bd7 13. c3 b5 14. Be2 Qb6 15. Be3 Nbxd5 16. exd5 Qxa7 17. axb5 a5 18. c4 Qc7 19. Ra2 e6 20. dxe6 Bxe6 21. Bd2 d5 22. b3 d4 23. Rxa5 Ne4 24. Ra4 Bf6 25. b4 Rfd8 26. Re1 cxb4 27. Rxb4 Qa5 28. Ra4 Qb6 29. Ba5 Qc5 30. Bd3 Nc3 31. Bxd8 Bxd8 32. Qc2 Nxa4 33. Qxa4 Bf6 34. Ne5 Bf5 35. Bxf5 d3+ 36. Kf1 d2 37. Rd1 Qe3 38. g3 Bxe5 39. fxe5 Qf3+ 40. Kg1 Qe3+ 41. Kf1 gxf5 42. Qc2 Qf3+ 43. Kg1 Rd8 44. Rxd2 Re8 45. Rf2 Qe4 46. Qxe4 fxe4 47. b6 e3 48. Rb2 1-0

[Event "IECC M1-2009.T99"]
[Site "IECC email"]
[Date "2009.10.08"]
[Round "?"]
[White "Townley Johnson, Richard"]
[Black "Pohlabeln, Lutz"]
[Result "1-0"]
[WhiteElo "1178"]
[BlackElo "1006"]
[PlyCount "117"]
[EventDate "2009.??.??"]
[EventType "match (corr)"]
[EventRounds "2"]
[SourceTitle "Telechess CBM 149"]
[Source "ChessBase"]
[SourceDate "2012.07.17"]
[SourceVersion "1"]
[SourceVersionDate "2012.07.17"]
[SourceQuality "1"]
[WhiteTeam "South Africa"]
[BlackTeam "Germany"]
[WhiteTeamCountry "RSA"]
[BlackTeamCountry "GER"]

1. e4 c5 2. Nf3 d6 3. d4 cxd4 4. Nxd4 Nf6 5. Nc3 g6 6. Be3 Bg7 7. Qd2 Nc6 8. f3 0-0 9. a3 d5 10. 0-0-0 Be6 11. exd5 Bxd5 12. Kb1 e6 13. h4 Nh5 14. Nxd5 Ng3 15. Rh3 Nxf1 16. Rxf1 Qxd5 17. Nxc6 Qxc6 18. Bh6 Qb5 19. c4 Qxc4 20. Rc1 Bxh6 21. Qxh6 Qe2 22. h5 Rfc8 23. Rg3 Rxc1+ 24. Qxc1 Qd3+ 25. Ka1 Rd8 26. hxg6 hxg6 27. Rh3 Qd1 28. Rh1 Qxc1+ 29. Rxc1 Rd2 30. g3 Kg7 31. Rc3 Rd7 32. Kb1 f5 33. Kc2 Kf6 34. Re3 e5 35. b4 g5 36. Re1 g4 37. fxg4 fxg4 38. Kc3 Rd4 39. Rh1 Rd7 40. b5 e4 41. Rh6+ Ke5 42. Rh5+ Kf6 43. Rh6+ Kg5 44. Re6 Rd3+ 45. Kb4 Kf5 46. Re7 Rxg3 47. Rxb7 e3 48. Rxa7 e2 49. Re7 Rg2 50. b6 Kf6 51. Re8 Kf7 52. Re3 Rf2 53. Kb5 g3 54. b7 g2 55. b8Q Rf5+ 56. Kc4 g1Q 57. Qe8+ Kg7 58. Re7+ Kh6 59. Qh8+ 1-0